000 00893nam a22002531u 4500
001 05898
003 HDC
007 cr bn ---aaaaa
008 210121p2007 -us | d 00 engg
040 _aHDC
100 _aHunt, Robert
_eauthor
_96215
245 0 _aIslamic Banking: Core Vendors Fill Growing Demand for Shari'ah-Compliant Banking / by
_cRobert Hunt
260 _a[no place] :
_b[publisher not identified],
_c2007
300 _a 1 online resource (10 pages)
336 _atext
_2rdacontent
337 _acomputer
_2rdamedia
338 _aonline resource
_2rdacarrier
650 _aIslamic banking
_9270
650 _aShari'ah-Compliant
_96216
856 _zRequest full-text at [email protected]
942 _2lcc
942 _cEIS
942 _kREPT 000218
999 _c3222
_d3222